|
|
|
|
| LEADER |
00000nam0a2200000 4500 |
| 001 |
156196 |
| 005 |
20231031152947.0 |
| 010 |
|
|
|a 9785769553790
|
| 035 |
|
|
|a (RuTPU)RU\TPU\book\169403
|
| 090 |
|
|
|a 156196
|
| 100 |
|
|
|a 20090324d2009 m y0rusy50 ca
|
| 101 |
0 |
|
|a rus
|
| 102 |
|
|
|a RU
|
| 105 |
|
|
|a a j 001zy
|
| 200 |
1 |
|
|a Системы и сети передачи информации
|e учебное пособие
|f Л. В. Воробьев, А. В. Давыдов, Л. П. Щербина
|
| 210 |
|
|
|a Москва
|c Академия
|d 2009
|
| 215 |
|
|
|a 336 с.
|c ил.
|
| 225 |
1 |
|
|a Высшее профессиональное образование. Информационная безопасность
|
| 320 |
|
|
|a Библиогр.: с. 324-326.
|
| 330 |
|
|
|a В учебном пособии рассмотрены теория передачи информации, преобразование сообщений в электрические сигналы, их кодирование, модуляция, передача и прием; приведены качественные и количественные характеристики информации; сформулированы условия согласования источников информации с каналами связи; дана классификация сетей связи; изложены основные принципы построения, морфологические и функциональные характеристики сетей, а также классические и телематические службы связи, организуемые на вторичных сетях; разобраны особенности построения информационно-вычислительных и первичных сетей связи, использующих системы передачи различного типа.
|
| 606 |
1 |
|
|a Информация
|x Передача
|2 stltpush
|3 (RuTPU)RU\TPU\subj\12988
|
| 610 |
1 |
|
|a сообщения
|
| 610 |
1 |
|
|a кодирование
|
| 610 |
1 |
|
|a сигналы
|
| 610 |
1 |
|
|a каналы связи
|
| 610 |
1 |
|
|a характеристика
|
| 610 |
1 |
|
|a многоканальные системы
|
| 610 |
1 |
|
|a построение
|
| 610 |
1 |
|
|a информационные системы
|
| 610 |
1 |
|
|a вычислительные системы
|
| 610 |
1 |
|
|a открытые системы
|
| 610 |
1 |
|
|a взаимодействие
|
| 610 |
1 |
|
|a технические устройства
|
| 610 |
1 |
|
|a учебные пособия
|
| 675 |
|
|
|a 621.391.3(075.8)
|v 3
|
| 700 |
|
1 |
|a Воробьев
|b Л. В.
|g Леонид Васильевич
|
| 701 |
|
1 |
|a Давыдов
|b А. В.
|g Александр Викторович
|
| 701 |
|
1 |
|a Щербина
|b Л. П.
|g Леонид Петрович
|
| 801 |
|
1 |
|a RU
|b 63413507
|c 20090324
|g PSBO
|
| 801 |
|
2 |
|a RU
|b 63413507
|c 20150619
|g RCR
|
| 900 |
|
|
|a Системы передачи информации
|
| 900 |
|
|
|a Системы и сети передачи информации
|
| 900 |
|
|
|a Высокопроизводительные вычислительные системы
|
| 900 |
|
|
|a Информационная безопасность и защита информации
|
| 942 |
|
|
|c BK
|
| 951 |
|
|
|b 090105
|b 090102
|
| 959 |
|
|
|a 38/20090320
|d 2
|e 0
|f АНЛ:1
|f ЧЗТЛ:1
|
| 959 |
|
|
|a 88/20090901
|d 2
|e 396,00
|f АНЛ:1
|f ЧЗТЛ:1
|
| 959 |
|
|
|a 47/20100630
|d 3
|e 396,00
|f УФ:3
|